000 00549nam a2200193Ia 4500
005 20260114185843.0
008 008 260114s9999 xx 000 0 eng d
020 _a9781472545763
037 _aEBOOK
040 _aCRL
_beng
_cCRL
041 _aeng
_2eng
084 _qCRL
100 _aBen Highmore
_9875211
245 0 _aMichel De Certeau Analysing Culture
260 _bBloomsbury
_c2006
856 _uhttps://doi.org/10.5040/9781472545763?locatt=label:secondary_bloomsburyCollections
942 _cEBOOK
999 _c1474145
_d1474145